Kinship and urbanization: White collar migrants in North India (Record no. 137)

MARC details
000 -LEADER
fixed length control field 00624nam a2200193Ia 4500
020 ## - INTERNATIONAL STANDARD BOOK NUMBER
ISBN 0-520-02004-2
082 ## - DEWEY DECIMAL CLASSIFICATION NUMBER
Classification number 307.1416 VAT-;
100 ## - MAIN ENTRY--AUTHOR NAME
Personal name Vatuk, Sylvia
245 #0 - TITLE STATEMENT
Title Kinship and urbanization: White collar migrants in North India
260 ## - PUBLICATION, DISTRIBUTION, ETC. (IMPRINT)
Place of publication London
Name of publisher University of California Press
Year of publication 1972
300 ## - PHYSICAL DESCRIPTION
Number of Pages 219p.
504 ## - BIBLIOGRAPHY, ETC. NOTE
Bibliography, etc Includes index<br/>
650 ## - SUBJECT ADDED ENTRY--TOPICAL TERM
Topical Term Urbanization - Meerut (Uttar Pradesh)
650 ## - SUBJECT ADDED ENTRY--TOPICAL TERM
Topical Term Marriage - Meerut (Uttar Pradesh)
650 ## - SUBJECT ADDED ENTRY--TOPICAL TERM
Topical Term Family - Meerut (Uttar Pradesh)
650 ## - SUBJECT ADDED ENTRY--TOPICAL TERM
Topical Term Sociology, Urban - Meerut (Uttar Pradesh)
650 ## - SUBJECT ADDED ENTRY--TOPICAL TERM
Topical Term Social structure - Meerut (Uttar Pradesh)
942 ## - ADDED ENTRY ELEMENTS (KOHA)
Koha item type Books
Holdings
Withdrawn status Lost status Damaged status Not for loan Home library Current library Date acquired Full call number Accession Number Price effective from Koha item type
        NASSDOC Library NASSDOC Library 08/06/2004 307.1416 VAT-; 5154 18/04/2019 Books